Emerging personal wireless communications (Record no. 159703)

MARC details
000 -LEADER
fixed length control field 00878nam a2200241Ia 4500
008 - FIXED-LENGTH DATA ELEMENTS--GENERAL INFORMATION
fixed length control field 191130s2001##################000#0#eng##
020 ## - INTERNATIONAL STANDARD BOOK NUMBER
ISBN 9780792374435
082 ## - DEWEY DECIMAL CLASSIFICATION NUMBER
Classification number 621.3845 MAR
245 ## - TITLE STATEMENT
Title Emerging personal wireless communications
Statement of responsibility, etc edited by Olli Martikainen, Jari Porras, Jenni Hyvärinen
260 ## - PUBLICATION, DISTRIBUTION, ETC. (IMPRINT)
Place of publication Dordrecht ; Boston
Name of publisher Kluwer Academic Publishers
Year of publication 2001
300 ## - PHYSICAL DESCRIPTION
Number of Pages xi, 298 p. : ill. ; 24 cm
500 ## - GENERAL NOTE
General note Includes bibliographical references
650 ## - SUBJECT ADDED ENTRY--TOPICAL TERM
Topical Term Personal communication service systems - Congresses
700 ## - ADDED ENTRY--PERSONAL NAME
Personal name Hyvärinen, Jenni
Personal name Martikainen, Olli
Personal name Porras, Jari
710 ## - ADDED ENTRY--CORPORATE NAME
Corporate name or jurisdiction name as entry element IFIP TC6/WG6.8 Working Conference on Personal Wireless Communications (2001 : Lappeenranta, Finland)
991 ## -
-- 181210
Holdings
Withdrawn status Lost status Damaged status Not for loan Home library Current library Shelving location Date acquired Full call number Accession Number Price effective from Koha item type
        Anna Centenary Library Anna Centenary Library 6TH FLOOR, A WING 12.10.2020 621.3845 MAR 210647 12.10.2020 English Books

Find us on the map